000 00748cam a22002533a 4500
001 6595
003 PGUSA
005 20140828083134.0
008 040901s2004||||xxu|||||s|||||000 | eng d
040 _aPGUSA
_beng
042 _adc
050 4 _aRJ
100 1 _aChavasse, Pye Henry,
_d1810-1879
245 1 0 _aAdvice to a Mother on the Management of Her Children
_h[electronic resource] /
_cPye Henry Chavasse
260 _bProject Gutenberg,
_c2004
506 _aPublic domain in the USA.
516 _aElectronic text
653 _aChildren -- Health and hygiene
653 _aInfants -- Health and hygiene
653 _aChild care
830 0 _aProject Gutenberg
_v6595
856 4 0 _uhttp://www.gutenberg.org/ebooks/6595
942 _cEB
999 _c235915
_d235915